00581nam a2200145Ia 4500008004100000050002500041100002600066245008100092260008600173300002800259521001400287942000700301999001900308952010800327140724s9999 xx 000 0 und d aHF 5415.2b.J35 2012 aJao, Virgelle Gail B. 2aA marketing research and analysis for Creamy Gelato /cVirgelle Gail B. Jao. aLas Piñas, Philippines :bSouthville International School and Colleges,cc2012. a47 p. :bill. ;c28 cm. aMarketing cTH c229217d229217 001040aCLbCLcTHESESd2014-07-24l0oHF 5415.2 .J35 2012pT0571r2018-05-15 00:00:00w2014-07-24yTH